[Event "Campeonato de España Rapid 2017"]
[Site "Linares"]
[Date "2017.08.13"]
[Round "4"]
[White "Bernabeu Lopez, Carlos Javier"]
[Black "Blanco Acevedo, Cristobal Jose"]
[Result "0-1"]
[Board "31"]
[WhiteTitle "FM"]
[WhiteElo "2097"]
[WhiteCountry "ESP"]
[WhiteFideId "2235366"]
[WhiteEloChange "-5"]
[BlackTitle "IM"]
[BlackElo "2297"]
[BlackCountry "VEN"]
[BlackFideId "3900525"]
[BlackEloChange "5"]

1. e4 {[%clk 0:15:05]} e5 {[%clk 0:15:05]} 2. Nf3 {[%clk 0:15:05]} Nc6 {[%clk
0:15:05]} 3. Bc4 {[%clk 0:15:05]} Bc5 {[%clk 0:15:05]} 4. d4 {[%clk 0:15:05]}
exd4 {[%clk 0:15:05]} 5. Ng5 {[%clk 0:15:05]} Nh6 {[%clk 0:15:05]} 6. Nxf7 {[%clk
0:15:05]} Nxf7 {[%clk 0:15:05]} 7. Bxf7+ {[%clk 0:15:05]} Kxf7 {[%clk 0:15:05]}
8. Qh5+ {[%clk 0:15:05]} g6 {[%clk 0:15:05]} 9. Qxc5 {[%clk 0:15:05]} d6 {[%clk
0:15:05]} 10. Qb5 {[%clk 0:15:05]} Kg7 {[%clk 0:15:05]} 11. O-O {[%clk 0:15:05]}
Qe7 {[%clk 0:15:05]} 12. Qd3 {[%clk 0:15:05]} Re8 {[%clk 0:15:05]} 13. f3 {[%clk
0:15:05]} Be6 {[%clk 0:15:05]} 14. c3 {[%clk 0:15:05]} Qf6 {[%clk 0:15:05]} 15.
cxd4 {[%clk 0:15:05]} Qxd4+ {[%clk 0:15:05]} 16. Qxd4+ {[%clk 0:15:05]} Nxd4
{[%clk 0:15:05]} 17. Nc3 {[%clk 0:15:05]} b5 {[%clk 0:15:05]} 18. Rf2 {[%clk
0:15:05]} a6 {[%clk 0:15:05]} 19. Be3 {[%clk 0:15:05]} Nc6 {[%clk 0:15:05]} 20.
Rc1 {[%clk 0:15:05]} Ne7 {[%clk 0:15:05]} 21. Rd2 {[%clk 0:15:05]} Rac8 {[%clk
0:15:05]} 22. a3 {[%clk 0:15:05]} Bc4 {[%clk 0:15:05]} 23. Nd1 {[%clk 0:15:05]}
d5 {[%clk 0:15:05]} 24. Bd4+ {[%clk 0:15:05]} Kf7 {[%clk 0:15:05]} 25. Ne3 {[%clk
0:15:05]} c6 {[%clk 0:15:05]} 26. Ng4 {[%clk 0:15:05]} c5 {[%clk 0:15:05]} 27.
Ne5+ {[%clk 0:15:05]} Kg8 {[%clk 0:15:05]} 28. Bf2 {[%clk 0:15:05]} dxe4 {[%clk
0:15:05]} 29. Nxc4 {[%clk 0:15:05]} bxc4 {[%clk 0:15:05]} 30. fxe4 {[%clk
0:15:05]} Nc6 {[%clk 0:15:05]} 31. Rxc4 {[%clk 0:15:05]} Na5 {[%clk 0:15:05]} 32.
Ra4 {[%clk 0:15:05]} Nb3 {[%clk 0:15:05]} 33. Rc2 {[%clk 0:15:05]} Rcd8 {[%clk
0:15:05]} 34. g3 {[%clk 0:15:05]} Nd2 {[%clk 0:15:05]} 35. Rxa6 {[%clk 0:15:05]}
Rxe4 {[%clk 0:15:05]} 36. Rf6 {[%clk 0:15:05]} Re2 {[%clk 0:15:05]} 37. Kg2
{[%clk 0:15:05]} c4 {[%clk 0:15:05]} 38. Rf4 {[%clk 0:15:05]} Rde8 {[%clk
0:15:05]} 39. Rfxc4 {[%clk 0:15:05]} Nxc4 {[%clk 0:15:05]} 40. Rxc4 {[%clk
0:15:05]} Rxb2 {[%clk 0:15:05]} 41. Rc3 {[%clk 0:15:05]} Ree2 {[%clk 0:15:05]}
42. Rf3 {[%clk 0:15:05]} Ra2 {[%clk 0:15:05]} 43. h3 {[%clk 0:15:05]} h6 {[%clk
0:15:05]} 44. Kg1 {[%clk 0:15:05]} Rec2 {[%clk 0:15:05]} 45. Kg2 {[%clk 0:15:05]}
g5 {[%clk 0:15:05]} 46. Kg1 {[%clk 0:15:05]} Kh7 {[%clk 0:15:05]} 47. Kg2 {[%clk
0:15:05]} Kg6 {[%clk 0:15:05]} 48. Kg1 {[%clk 0:15:05]} h5 {[%clk 0:15:05]} 49.
Kg2 {[%clk 0:15:05]} Ra1 {[%clk 0:15:05]} 50. Rb3 {[%clk 0:15:05]} Raa2 {[%clk
0:15:05]} 51. Rf3 {[%clk 0:15:05]} g4 {[%clk 0:15:05]} 52. hxg4 {[%clk 0:15:05]}
hxg4 {[%clk 0:15:05]} 53. Rf4 {[%clk 0:15:05]} Kh5 {[%clk 0:15:05]} 54. Rf5+
{[%clk 0:15:05]} Kg6 {[%clk 0:15:05]} 55. Rf4 {[%clk 0:15:05]} Kg5 {[%clk
0:15:05]} 56. Rf8 {[%clk 0:15:05]} Rxa3 {[%clk 0:15:05]} 57. Rg8+ {[%clk
0:15:05]} Kh5 {[%clk 0:15:05]} 58. Rh8+ {[%clk 0:15:05]} Kg6 {[%clk 0:15:05]} 59.
Rg8+ {[%clk 0:15:05]} Kf5 {[%clk 0:15:05]} 60. Rf8+ {[%clk 0:15:05]} Ke6 {[%clk
0:15:05]} 61. Rf4 {[%clk 0:15:05]} Raa2 {[%clk 0:15:05]} 62. Rf8 {[%clk 0:15:05]}
Kd5 {[%clk 0:15:05]} 63. Rf4 {[%clk 0:15:05]} Ke5 {[%clk 0:15:05]} 64. Kg1 {[%clk
0:15:05]} Ke6 {[%clk 0:15:05]} 65. Re4+ {[%clk 0:15:05]} Kf5 {[%clk 0:15:05]} 66.
Rf4+ {[%clk 0:15:05]} Kg5 {[%clk 0:15:05]} 67. Kg2 {[%clk 0:15:05]} Ra5 {[%clk
0:15:05]} 68. Kg1 {[%clk 0:15:05]} Rf5 {[%clk 0:15:05]} 69. Be3 {[%clk 0:15:05]}
Rxf4 {[%clk 0:15:05]} 70. Bxf4+ {[%clk 0:15:05]} Kf5 {[%clk 0:15:05]} 71. Bb8
{[%clk 0:15:05]} Ke4 {[%clk 0:15:05]} 72. Bd6 {[%clk 0:15:05]} Kf3 {[%clk
0:15:05]} 73. Bb8 {[%clk 0:15:05]} Rg2+ {[%clk 0:15:05]} 74. Kh1 {[%clk 0:15:05]}
Kf2 {[%clk 0:15:05]} 75. Ba7+ {[%clk 0:15:05]} Kf1 {[%clk 0:15:05]} 76. Bb8
{[%clk 0:15:05]} Rb2 {[%clk 0:15:05]} 77. Bc7 {[%clk 0:15:05]} Rb7 {[%clk
0:15:05]} 78. Bd8 {[%clk 0:15:05]} Rh7+ {[%clk 0:15:05]} 79. Bh4 {[%clk 0:15:05]}
Kf2 {[%clk 0:15:05]} 80. Kh2 {[%clk 0:15:05]} Rxh4+ {[%clk 0:15:05]} 0-1

[Event "Campeonato de España Rapid 2017"]
[Site "Linares"]
[Date "2017.08.13"]
[Round "4"]
[White "Martin Duque, Jesus"]
[Black "Centron Antuna, Daniel"]
[Result "1/2-1/2"]
[Board "32"]
[WhiteTitle "FM"]
[WhiteElo "2297"]
[WhiteCountry "ESP"]
[WhiteFideId "2208954"]
[WhiteEloChange "-6"]
[BlackElo "2062"]
[BlackCountry "ESP"]
[BlackFideId "22288694"]
[BlackEloChange "6"]

1. e4 {[%clk 0:15:05]} c5 {[%clk 0:15:05]} 2. Nf3 {[%clk 0:15:05]} e6 {[%clk
0:15:05]} 3. d4 {[%clk 0:15:05]} cxd4 {[%clk 0:15:05]} 4. Nxd4 {[%clk 0:15:05]}
Nf6 {[%clk 0:15:05]} 5. Nc3 {[%clk 0:15:05]} Bb4 {[%clk 0:15:05]} 6. e5 {[%clk
0:15:05]} Nd5 {[%clk 0:15:05]} 7. Qg4 {[%clk 0:15:05]} O-O {[%clk 0:15:05]} 8.
Bh6 {[%clk 0:15:05]} g6 {[%clk 0:15:05]} 9. Qg3 {[%clk 0:15:05]} d6 {[%clk
0:15:05]} 10. Bxf8 {[%clk 0:15:05]} Qxf8 {[%clk 0:15:05]} 11. a3 {[%clk 0:15:05]}
dxe5 {[%clk 0:15:05]} 12. axb4 {[%clk 0:15:05]} exd4 {[%clk 0:15:05]} 13. Nxd5
{[%clk 0:15:05]} exd5 {[%clk 0:15:05]} 14. c3 {[%clk 0:15:05]} Qe7+ {[%clk
0:15:05]} 15. Be2 {[%clk 0:15:05]} Bf5 {[%clk 0:15:05]} 16. Rd1 {[%clk 0:15:05]}
Nc6 {[%clk 0:15:05]} 17. b5 {[%clk 0:15:05]} d3 {[%clk 0:15:05]} 18. Rxd3 {[%clk
0:15:05]} Bxd3 {[%clk 0:15:05]} 19. Qxd3 {[%clk 0:15:05]} Ne5 {[%clk 0:15:05]}
20. Qe3 {[%clk 0:15:05]} Re8 {[%clk 0:15:05]} 21. O-O {[%clk 0:15:05]} b6 {[%clk
0:15:05]} 22. Re1 {[%clk 0:15:05]} Nd7 {[%clk 0:15:05]} 23. Qxe7 {[%clk 0:15:05]}
Rxe7 {[%clk 0:15:05]} 24. Kf1 {[%clk 0:15:05]} Nc5 {[%clk 0:15:05]} 25. Rd1
{[%clk 0:15:05]} Re5 {[%clk 0:15:05]} 26. Bf3 {[%clk 0:15:05]} Na4 {[%clk
0:15:05]} 27. Rd2 {[%clk 0:15:05]} d4 {[%clk 0:15:05]} 28. c4 {[%clk 0:15:05]}
Kf8 {[%clk 0:15:05]} 29. Bd1 {[%clk 0:15:05]} Nc5 {[%clk 0:15:05]} 30. Rxd4
{[%clk 0:15:05]} Re4 {[%clk 0:15:05]} 31. Rxe4 {[%clk 0:15:05]} Nxe4 {[%clk
0:15:05]} 32. Ke2 {[%clk 0:15:05]} Ke7 {[%clk 0:15:05]} 33. Bc2 {[%clk 0:15:05]}
Nc5 {[%clk 0:15:05]} 34. b4 {[%clk 0:15:05]} Ne6 {[%clk 0:15:05]} 35. Ke3 {[%clk
0:15:05]} Kd6 {[%clk 0:15:05]} 36. Be4 {[%clk 0:15:05]} Ke5 {[%clk 0:15:05]} 37.
Bd5 {[%clk 0:15:05]} Nf4 {[%clk 0:15:05]} 38. Bc6 {[%clk 0:15:05]} Ne6 {[%clk
0:15:05]} 39. g3 {[%clk 0:15:05]} f5 {[%clk 0:15:05]} 40. f4+ {[%clk 0:15:05]}
Kd6 {[%clk 0:15:05]} 41. Bd5 {[%clk 0:15:05]} Nf8 {[%clk 0:15:05]} 42. Kd4 {[%clk
0:15:05]} Nd7 {[%clk 0:15:05]} 43. Bc6 {[%clk 0:15:05]} Nf6 {[%clk 0:15:05]} 44.
c5+ {[%clk 0:15:05]} Kc7 {[%clk 0:15:05]} 45. Bf3 {[%clk 0:15:05]} Nd7 {[%clk
0:15:05]} 46. h3 {[%clk 0:15:05]} Nb8 {[%clk 0:15:05]} 47. Ke5 {[%clk 0:15:05]}
a6 {[%clk 0:15:05]} 48. bxa6 {[%clk 0:15:05]} Nxa6 {[%clk 0:15:05]} 49. cxb6+
{[%clk 0:15:05]} Kxb6 {[%clk 0:15:05]} 50. Kf6 {[%clk 0:15:05]} Nxb4 {[%clk
0:15:05]} 51. Kg7 {[%clk 0:15:05]} Kc5 {[%clk 0:15:05]} 52. Kxh7 {[%clk 0:15:05]}
Kd4 {[%clk 0:15:05]} 53. Kxg6 {[%clk 0:15:05]} Ke3 {[%clk 0:15:05]} 54. Bd1
{[%clk 0:15:05]} Nd5 {[%clk 0:15:05]} 55. Bb3 {[%clk 0:15:05]} Ne7+ {[%clk
0:15:05]} 56. Kf6 {[%clk 0:15:05]} Nc6 {[%clk 0:15:05]} 57. Kxf5 {[%clk 0:15:05]}
Nd4+ {[%clk 0:15:05]} 58. Kg6 {[%clk 0:15:05]} Kf3 {[%clk 0:15:05]} 59. g4 {[%clk
0:15:05]} Kxf4 {[%clk 0:15:05]} 60. Bd5 {[%clk 0:15:05]} Kg3 {[%clk 0:15:05]} 61.
Kf6 {[%clk 0:15:05]} Ne2 {[%clk 0:15:05]} 62. g5 {[%clk 0:15:05]} Nf4 {[%clk
0:15:05]} 63. Be4 {[%clk 0:15:05]} Kxh3 {[%clk 0:15:05]} 64. Kf5 {[%clk 0:15:05]}
Kg3 {[%clk 0:15:05]} 65. Bc6 {[%clk 0:15:05]} Nh5 {[%clk 0:15:05]} 66. g6 {[%clk
0:15:05]} Kh4 {[%clk 0:15:05]} 67. Bf3 {[%clk 0:15:05]} Ng7+ {[%clk 0:15:05]} 68.
Kf6 {[%clk 0:15:05]} Ne8+ {[%clk 0:15:05]} 69. Ke7 {[%clk 0:15:05]} Kg5 {[%clk
0:15:05]} 70. Be4 {[%clk 0:15:05]} Ng7 {[%clk 0:15:05]} 71. Kf7 {[%clk 0:15:05]}
Kh6 {[%clk 0:15:05]} 72. Bf3 {[%clk 0:15:05]} Ne6 {[%clk 0:15:05]} 73. Bg4 {[%clk
0:15:05]} Ng5+ {[%clk 0:15:05]} 74. Kf6 {[%clk 0:15:05]} Nh7+ {[%clk 0:15:05]}
75. Kf5 {[%clk 0:15:05]} Nf8 {[%clk 0:15:05]} 76. Bh5 {[%clk 0:15:05]} Nxg6
{[%clk 0:15:05]} 1/2-1/2

[Event "Campeonato de España Rapid 2017"]
[Site "Linares"]
[Date "2017.08.13"]
[Round "5"]
[White "Fedorchuk, Sergey A."]
[Black "Vazquez Igarza, Renier"]
[Result "0-1"]
[Board "2"]
[WhiteTitle "GM"]
[WhiteElo "2678"]
[WhiteCountry "UKR"]
[WhiteFideId "14102536"]
[WhiteEloChange "-6"]
[BlackTitle "GM"]
[BlackElo "2602"]
[BlackCountry "ESP"]
[BlackFideId "3503054"]
[BlackEloChange "6"]

1. e4 {[%clk 0:15:09]} c5 {[%clk 0:15:08]} 2. Nf3 {[%clk 0:15:13]} e6 {[%clk
0:15:11]} 3. d4 {[%clk 0:15:16]} cxd4 {[%clk 0:15:16]} 4. Nxd4 {[%clk 0:15:16]}
Nc6 {[%clk 0:15:16]} 5. Nc3 {[%clk 0:15:24]} Qc7 {[%clk 0:15:25]} 6. Be2 Nf6
{[%clk 0:15:25]} 7. O-O Be7 {[%clk 0:15:25]} 8. Be3 O-O {[%clk 0:15:25]} 9. f4
{[%clk 0:13:10]} d6 {[%clk 0:14:45]} 10. Kh1 {[%clk 0:13:10]} Nxd4 {[%clk
0:14:17]} 11. Qxd4 {[%clk 0:12:34]} b6 {[%clk 0:13:42]} 12. Bf3 {[%clk 0:08:27]}
Bb7 {[%clk 0:13:34]} 13. a4 {[%clk 0:08:23]} e5 {[%clk 0:13:01]} 14. Qd3 {[%clk
0:08:04]} a6 {[%clk 0:12:29]} 15. Rad1 {[%clk 0:07:40]} Rac8 {[%clk 0:12:14]} 16.
g4 {[%clk 0:06:37]} d5 {[%clk 0:08:29]} 17. exd5 {[%clk 0:06:21]} e4 {[%clk
0:08:12]} 18. Nxe4 {[%clk 0:05:10]} Nxd5 {[%clk 0:08:15]} 19. Ng5 {[%clk
0:05:12]} Bxg5 {[%clk 0:05:13]} 20. Bxd5 {[%clk 0:05:15]} Rfd8 {[%clk 0:04:53]}
21. c4 {[%clk 0:04:59]} Be7 {[%clk 0:03:19]} 22. Qe4 {[%clk 0:04:12]} Bxd5 {[%clk
0:03:21]} 23. cxd5 {[%clk 0:04:16]} Re8 {[%clk 0:02:58]} 24. Qf3 {[%clk 0:03:50]}
Qc4 {[%clk 0:02:57]} 25. d6 {[%clk 0:03:41]} Bxd6 {[%clk 0:02:59]} 26. Rxd6
{[%clk 0:03:44]} Rxe3 {[%clk 0:03:03]} 27. Rfd1 {[%clk 0:03:34]} Ree8 {[%clk
0:02:27]} 28. b3 {[%clk 0:03:38]} Qb4 {[%clk 0:01:58]} 29. f5 {[%clk 0:03:28]} h6
{[%clk 0:01:44]} 30. f6 {[%clk 0:02:54]} Re1+ {[%clk 0:01:46]} 31. Kg2 {[%clk
0:02:37]} Rxd1 {[%clk 0:01:09]} 32. Rxd1 {[%clk 0:02:39]} gxf6 {[%clk 0:00:56]}
33. Qf5 {[%clk 0:01:25]} Rc5 {[%clk 0:00:41]} 34. Qf3 {[%clk 0:00:38]} Rc2+
{[%clk 0:00:43]} 35. Kh3 {[%clk 0:00:39]} Rc3 {[%clk 0:00:34]} 36. Rd3 {[%clk
0:00:43]} Rxd3 {[%clk 0:00:36]} 37. Qxd3 {[%clk 0:00:47]} Kg7 {[%clk 0:00:41]}
38. Kg3 {[%clk 0:00:37]} Qe1+ {[%clk 0:00:44]} 39. Kg2 {[%clk 0:00:40]} a5 {[%clk
0:00:42]} 40. h3 {[%clk 0:00:44]} Qe5 {[%clk 0:00:45]} 41. Qf3 {[%clk 0:00:37]}
Qd4 {[%clk 0:00:45]} 42. h4 {[%clk 0:00:33]} Qe5 {[%clk 0:00:38]} 43. Kh3 {[%clk
0:00:31]} Qe1 {[%clk 0:00:32]} 44. h5 {[%clk 0:00:28]} Qe5 {[%clk 0:00:34]} 45.
Qd3 {[%clk 0:00:29]} f5 {[%clk 0:00:27]} 46. gxf5 {[%clk 0:00:31]} Kf6 {[%clk
0:00:30]} 47. Kg4 {[%clk 0:00:35]} Kg7 {[%clk 0:00:24]} 48. Qc4 {[%clk 0:00:27]}
Qe3 {[%clk 0:00:22]} 49. Qb5 {[%clk 0:00:18]} Qg5+ {[%clk 0:00:16]} 50. Kf3
{[%clk 0:00:18]} Qxh5+ {[%clk 0:00:27]} 51. Ke4 {[%clk 0:00:27]} Qg4+ {[%clk
0:00:28]} 52. Ke5 {[%clk 0:00:30]} Qg3+ {[%clk 0:00:29]} 53. Kd5 {[%clk 0:00:33]}
Qe3 {[%clk 0:00:26]} 54. b4 {[%clk 0:00:30]} axb4 {[%clk 0:00:18]} 55. Qxb4
{[%clk 0:00:34]} h5 {[%clk 0:00:27]} 56. Kc6 {[%clk 0:00:39]} Qf2 {[%clk
0:00:23]} 57. Qxb6 {[%clk 0:00:40]} Qxb6+ {[%clk 0:00:25]} 58. Kxb6 {[%clk
0:00:44]} h4 {[%clk 0:00:30]} 59. a5 {[%clk 0:00:43]} h3 {[%clk 0:00:34]} 0-1

[Event "Campeonato de España Rapid 2017"]
[Site "Linares"]
[Date "2017.08.13"]
[Round "5"]
[White "Volkov, Sergey"]
[Black "Salgado Lopez, Ivan"]
[Result "1-0"]
[Board "3"]
[WhiteTitle "GM"]
[WhiteElo "2592"]
[WhiteCountry "RUS"]
[WhiteFideId "4122763"]
[WhiteEloChange "6"]
[BlackTitle "GM"]
[BlackElo "2666"]
[BlackCountry "ESP"]
[BlackFideId "2257327"]
[BlackEloChange "-6"]

1. d4 {[%clk 0:15:07]} b6 {[%clk 0:15:09]} 2. e4 {[%clk 0:15:08]} Bb7 {[%clk
0:15:12]} 3. Bd3 {[%clk 0:15:07]} e6 {[%clk 0:15:15]} 4. Nf3 {[%clk 0:15:05]} g6
{[%clk 0:15:05]} 5. Bg5 {[%clk 0:14:30]} Qc8 {[%clk 0:14:58]} 6. c4 {[%clk
0:14:07]} Bg7 {[%clk 0:14:58]} 7. Nc3 {[%clk 0:14:06]} d6 {[%clk 0:14:59]} 8. O-O
{[%clk 0:13:48]} Nd7 {[%clk 0:14:51]} 9. Re1 {[%clk 0:13:35]} h6 {[%clk 0:15:00]}
10. Be3 {[%clk 0:13:28]} Ne7 {[%clk 0:14:39]} 11. b4 {[%clk 0:12:41]} a6 {[%clk
0:14:34]} 12. Rc1 {[%clk 0:12:26]} O-O {[%clk 0:14:16]} 13. a3 {[%clk 0:12:22]}
c5 {[%clk 0:13:21]} 14. Qd2 {[%clk 0:12:04]} cxd4 {[%clk 0:13:08]} 15. Nxd4
{[%clk 0:11:49]} Kh7 {[%clk 0:12:48]} 16. h3 {[%clk 0:11:36]} Qb8 {[%clk
0:11:22]} 17. f4 {[%clk 0:10:38]} e5 {[%clk 0:11:17]} 18. Nf3 {[%clk 0:10:35]}
exf4 {[%clk 0:11:12]} 19. Bxf4 {[%clk 0:10:37]} Ne5 {[%clk 0:09:18]} 20. Nxe5
{[%clk 0:10:38]} dxe5 {[%clk 0:09:21]} 21. Be3 {[%clk 0:10:41]} Bc6 {[%clk
0:06:15]} 22. Qf2 {[%clk 0:09:40]} f5 {[%clk 0:06:07]} 23. exf5 {[%clk 0:09:30]}
Nxf5 {[%clk 0:06:11]} 24. Bxf5 {[%clk 0:09:06]} Rxf5 {[%clk 0:06:11]} 25. Qc2
{[%clk 0:08:22]} Qb7 {[%clk 0:06:01]} 26. b5 {[%clk 0:08:07]} axb5 {[%clk
0:05:54]} 27. cxb5 {[%clk 0:08:11]} Be8 {[%clk 0:05:57]} 28. a4 {[%clk 0:08:07]}
Rc8 {[%clk 0:05:54]} 29. Qe4 {[%clk 0:08:02]} Rf7 {[%clk 0:03:47]} 30. Qxb7
{[%clk 0:07:53]} Rxb7 {[%clk 0:03:50]} 31. Ne4 {[%clk 0:07:34]} Rd8 {[%clk
0:03:25]} 32. Red1 {[%clk 0:07:25]} Rxd1+ {[%clk 0:03:28]} 33. Rxd1 {[%clk
0:07:29]} Bf7 {[%clk 0:03:32]} 34. Rd6 {[%clk 0:07:21]} Bb3 {[%clk 0:03:23]} 35.
Bxb6 {[%clk 0:06:57]} Bf8 {[%clk 0:02:46]} 36. a5 {[%clk 0:06:52]} Bxd6 {[%clk
0:02:36]} 37. Nxd6 {[%clk 0:06:55]} Rd7 {[%clk 0:02:32]} 38. Bc5 {[%clk 0:06:58]}
e4 {[%clk 0:00:55]} 39. b6 {[%clk 0:06:14]} e3 {[%clk 0:00:33]} 40. b7 {[%clk
0:06:13]} e2 {[%clk 0:00:15]} 41. Kf2 {[%clk 0:06:09]} 1-0

[Event "Campeonato de España Rapid 2017"]
[Site "Linares"]
[Date "2017.08.13"]
[Round "5"]
[White "Anton Guijarro, David"]
[Black "Larino Nieto, David"]
[Result "1-0"]
[Board "4"]
[WhiteTitle "GM"]
[WhiteElo "2715"]
[WhiteCountry "ESP"]
[WhiteFideId "2285525"]
[WhiteEloChange "2"]
[BlackTitle "GM"]
[BlackElo "2509"]
[BlackCountry "ESP"]
[BlackFideId "2256444"]
[BlackEloChange "-2"]

1. e4 {[%clk 0:15:05]} e6 {[%clk 0:14:54]} 2. d3 {[%clk 0:14:56]} b6 {[%clk
0:14:54]} 3. Nf3 {[%clk 0:14:45]} Bb7 {[%clk 0:14:58]} 4. c3 {[%clk 0:14:46]} g6
{[%clk 0:14:51]} 5. g3 {[%clk 0:14:41]} Bg7 {[%clk 0:14:54]} 6. Bg2 {[%clk
0:14:45]} Ne7 {[%clk 0:14:57]} 7. O-O {[%clk 0:14:45]} O-O {[%clk 0:14:59]} 8.
Re1 {[%clk 0:14:45]} d6 {[%clk 0:15:03]} 9. d4 {[%clk 0:14:23]} h6 {[%clk
0:14:45]} 10. Nbd2 {[%clk 0:14:17]} Kh7 {[%clk 0:14:37]} 11. a4 {[%clk 0:14:10]}
a6 {[%clk 0:14:48]} 12. Qc2 {[%clk 0:14:12]} c5 {[%clk 0:14:37]} 13. dxc5 {[%clk
0:14:06]} bxc5 {[%clk 0:14:03]} 14. h4 {[%clk 0:13:47]} Nbc6 {[%clk 0:13:47]} 15.
h5 {[%clk 0:13:29]} Qc7 {[%clk 0:13:10]} 16. Nc4 {[%clk 0:13:22]} Rad8 {[%clk
0:12:30]} 17. Bf4 {[%clk 0:13:02]} e5 {[%clk 0:12:24]} 18. hxg6+ {[%clk 0:13:04]}
fxg6 {[%clk 0:12:25]} 19. Be3 {[%clk 0:12:48]} Rf6 {[%clk 0:11:28]} 20. Rf1
{[%clk 0:11:44]} Rdf8 {[%clk 0:11:21]} 21. Nfd2 {[%clk 0:11:47]} Bc8 {[%clk
0:09:16]} 22. a5 {[%clk 0:11:27]} Bg4 {[%clk 0:08:53]} 23. Nb6 {[%clk 0:10:25]}
Nxa5 {[%clk 0:08:13]} 24. Nd5 {[%clk 0:10:28]} Nxd5 {[%clk 0:08:16]} 25. exd5
{[%clk 0:10:31]} c4 {[%clk 0:07:19]} 26. Ne4 {[%clk 0:10:18]} R6f7 {[%clk
0:06:31]} 27. Nxd6 {[%clk 0:08:56]} Qxd6 {[%clk 0:06:34]} 28. Rxa5 {[%clk
0:08:59]} Rb8 {[%clk 0:06:37]} 29. Rfa1 {[%clk 0:08:39]} Bf5 {[%clk 0:06:36]} 30.
Qd2 {[%clk 0:07:43]} Rfb7 {[%clk 0:06:01]} 31. Rxa6 {[%clk 0:07:24]} Qd8 {[%clk
0:06:04]} 32. d6 {[%clk 0:06:38]} Rxb2 {[%clk 0:05:57]} 33. Qd5 {[%clk 0:06:42]}
Qf6 {[%clk 0:02:31]} 34. d7 {[%clk 0:05:59]} Rb1+ {[%clk 0:02:12]} 35. Rxb1
{[%clk 0:05:21]} Rxb1+ {[%clk 0:02:07]} 36. Kh2 {[%clk 0:05:24]} Qxa6 {[%clk
0:01:32]} 37. d8Q {[%clk 0:05:24]} Be6 {[%clk 0:01:34]} 38. Q5a8 {[%clk 0:04:49]}
Qxa8 {[%clk 0:00:56]} 39. Qxa8 {[%clk 0:04:51]} Rb3 {[%clk 0:01:00]} 40. Qe8
{[%clk 0:04:54]} 1-0

[Event "Campeonato de España Rapid 2017"]
[Site "Linares"]
[Date "2017.08.13"]
[Round "5"]
[White "Bruzon Batista, Lazaro"]
[Black "Narciso Dublan, Marc"]
[Result "0-1"]
[Board "5"]
[WhiteTitle "GM"]
[WhiteElo "2648"]
[WhiteCountry "CUB"]
[WhiteFideId "3503739"]
[WhiteEloChange "-7"]
[BlackTitle "GM"]
[BlackElo "2516"]
[BlackCountry "ESP"]
[BlackFideId "2201500"]
[BlackEloChange "7"]

1. e4 {[%clk 0:15:04]} e6 {[%clk 0:15:09]} 2. d4 {[%clk 0:15:07]} d5 {[%clk
0:15:13]} 3. Nd2 {[%clk 0:15:11]} dxe4 {[%clk 0:15:17]} 4. Nxe4 {[%clk 0:15:14]}
Nd7 {[%clk 0:15:21]} 5. Nf3 {[%clk 0:15:07]} Ngf6 {[%clk 0:15:25]} 6. Bd3 {[%clk
0:15:10]} c5 {[%clk 0:15:29]} 7. c3 {[%clk 0:15:14]} cxd4 {[%clk 0:15:30]} 8.
Nxd4 {[%clk 0:15:17]} Be7 {[%clk 0:14:43]} 9. O-O {[%clk 0:15:19]} O-O {[%clk
0:14:47]} 10. Re1 {[%clk 0:15:14]} Qc7 {[%clk 0:13:23]} 11. Nxf6+ {[%clk
0:14:17]} Bxf6 {[%clk 0:13:11]} 12. Nb5 {[%clk 0:14:06]} Qc6 {[%clk 0:13:02]} 13.
Qc2 {[%clk 0:13:27]} h6 {[%clk 0:12:18]} 14. Qe2 {[%clk 0:12:11]} a6 {[%clk
0:10:18]} 15. Nd4 {[%clk 0:12:14]} Qd5 {[%clk 0:07:13]} 16. Be4 {[%clk 0:10:35]}
Qa5 {[%clk 0:07:17]} 17. Be3 {[%clk 0:09:02]} Re8 {[%clk 0:07:17]} 18. Rad1
{[%clk 0:08:35]} Qc7 {[%clk 0:06:52]} 19. Bb1 {[%clk 0:08:37]} Nf8 {[%clk
0:06:12]} 20. Qg4 {[%clk 0:07:39]} e5 {[%clk 0:05:33]} 21. Nf5 {[%clk 0:07:30]}
Ng6 {[%clk 0:04:56]} 22. Qh5 {[%clk 0:06:45]} Be6 {[%clk 0:04:21]} 23. g3 {[%clk
0:05:08]} Rad8 {[%clk 0:04:25]} 24. h4 {[%clk 0:05:12]} Rxd1 {[%clk 0:04:15]} 25.
Rxd1 {[%clk 0:05:16]} Rd8 {[%clk 0:04:19]} 26. Re1 {[%clk 0:05:15]} Qd7 {[%clk
0:03:10]} 27. Qf3 {[%clk 0:04:51]} Bxf5 {[%clk 0:02:41]} 28. Bxf5 {[%clk
0:04:49]} Qb5 {[%clk 0:02:46]} 29. Bc1 {[%clk 0:04:38]} b6 {[%clk 0:02:08]} 30.
Bc2 {[%clk 0:04:22]} Nf8 {[%clk 0:01:46]} 31. a4 {[%clk 0:03:53]} Qd5 {[%clk
0:01:50]} 32. Qe2 {[%clk 0:03:50]} Qb7 {[%clk 0:01:41]} 33. Be4 {[%clk 0:03:50]}
Qc8 {[%clk 0:01:45]} 34. Qf3 {[%clk 0:03:51]} Nd7 {[%clk 0:01:30]} 35. Bb7 {[%clk
0:03:01]} Qc4 {[%clk 0:01:32]} 36. Bd5 {[%clk 0:02:09]} Qxa4 {[%clk 0:01:03]} 37.
Qh5 {[%clk 0:01:09]} Rf8 {[%clk 0:01:08]} 38. Qf5 {[%clk 0:01:00]} Nc5 {[%clk
0:00:41]} 39. Bxh6 {[%clk 0:00:44]} Qd7 {[%clk 0:00:29]} 40. Qxd7 {[%clk
0:00:41]} Nxd7 {[%clk 0:00:33]} 41. Be3 {[%clk 0:00:45]} Rd8 {[%clk 0:00:22]} 42.
c4 {[%clk 0:00:44]} a5 {[%clk 0:00:23]} 43. Rb1 {[%clk 0:00:41]} Be7 {[%clk
0:00:25]} 44. Kg2 {[%clk 0:00:42]} Bc5 {[%clk 0:00:17]} 45. Bg5 {[%clk 0:00:43]}
Rc8 {[%clk 0:00:13]} 46. h5 {[%clk 0:00:30]} Kf8 {[%clk 0:00:14]} 47. Rh1 {[%clk
0:00:25]} Be7 {[%clk 0:00:12]} 48. h6 {[%clk 0:00:26]} gxh6 {[%clk 0:00:11]} 49.
Rxh6 0-1